<?xml version="1.0" encoding="UTF-8" ?>
<collection xmlns="http://www.loc.gov/MARC21/slim"><record><leader>01290nab a2200337 nc4500</leader><controlfield tag="001">27554</controlfield><controlfield tag="003">CH-000273-5</controlfield><controlfield tag="005">20170630173306.0</controlfield><datafield tag="035" ind1=" " ind2=" "><subfield code="a">(OCoLC)1005874425</subfield></datafield><datafield tag="040" ind1=" " ind2=" "><subfield code="a">CH-000273-5</subfield><subfield code="b">ger</subfield><subfield code="e">rda</subfield></datafield><datafield tag="041" ind1=" " ind2=" "><subfield code="a">ger</subfield></datafield><datafield tag="041" ind1=" " ind2=" "><subfield code="a">fre</subfield></datafield><datafield tag="245" ind1="0" ind2="0"><subfield code="a">Merz</subfield><subfield code="c">Redaktion des Merzverlages: Kurt Schwitters</subfield><subfield code="n">4</subfield><subfield code="p">Banalitäten</subfield></datafield><datafield tag="264" ind1="0" ind2="1"><subfield code="a">Hannover</subfield><subfield code="b">Merzverlag</subfield><subfield code="c">Juli 1923</subfield></datafield><datafield tag="300" ind1=" " ind2=" "><subfield code="a">Seite 33-48</subfield><subfield code="b">Illustrationen, schwarzweiss.</subfield><subfield code="c">23,1 x 14,7 cm</subfield></datafield><datafield tag="336" ind1=" " ind2=" "><subfield code="a">Text</subfield><subfield code="b">txt</subfield><subfield code="2">rdacontent</subfield></datafield><datafield tag="337" ind1=" " ind2=" "><subfield code="a">ohne Hilfsmittel zu benutzen</subfield><subfield code="b">n</subfield><subfield code="2">rdamedia</subfield></datafield><datafield tag="338" ind1=" " ind2=" "><subfield code="a">Band</subfield><subfield code="b">nc</subfield><subfield code="2">rdacarrier</subfield></datafield><datafield tag="500" ind1=" " ind2=" "><subfield code="a">Zeichnungen und Texte von Kurt Schwitters, Hans Arp, Tristan Tzara u. a.</subfield></datafield><datafield tag="510" ind1="4" ind2="0"><subfield code="a">Dada global, 1994</subfield><subfield code="c">S. 187, Nr. 110</subfield></datafield><datafield tag="546" ind1=" " ind2=" "><subfield code="a">Texte teilweise deutsch, teilweise französisch</subfield></datafield><datafield tag="600" ind1="1" ind2="7"><subfield code="a">Schwitters, Kurt</subfield><subfield code="d">1887-1948</subfield><subfield code="2">gnd</subfield></datafield><datafield tag="600" ind1="1" ind2="7"><subfield code="a">Arp, Hans</subfield><subfield code="d">1886-1966</subfield><subfield code="2">gnd</subfield></datafield><datafield tag="600" ind1="1" ind2="7"><subfield code="a">Tzara, Tristan</subfield><subfield code="d">1896-1963</subfield><subfield code="2">gnd</subfield></datafield><datafield tag="610" ind1="2" ind2="7"><subfield code="a">Kunsthaus Zürich</subfield><subfield code="x">Dadaismus</subfield><subfield code="x">Sammlung</subfield><subfield code="2">gnd</subfield></datafield><datafield tag="650" ind1="0" ind2="7"><subfield code="a">Merzkunst</subfield><subfield code="2">gnd</subfield></datafield><datafield tag="655" ind1="0" ind2="7"><subfield code="a">Zeitschrift</subfield><subfield code="2">gnd-content</subfield></datafield><datafield tag="700" ind1="1" ind2="0"><subfield code="0">(DE-588)118612301</subfield><subfield code="a">Schwitters, Kurt</subfield><subfield code="d">1887-1948</subfield><subfield code="e">Herausgeber</subfield><subfield code="4">edt</subfield></datafield><datafield tag="773" ind1=" " ind2=" "><subfield code="t">Merz</subfield><subfield code="w">(CH-000273-5)22564</subfield></datafield><datafield tag="852" ind1="4" ind2="0"><subfield code="a">CH-000273-5</subfield><subfield code="c">DADA III:2:4</subfield></datafield><datafield tag="856" ind1="4" ind2="1"><subfield code="u">https://digital.kunsthaus.ch/viewer/image/27554/1/</subfield><subfield code="y">Kunsthaus Zürich Sammlungen online</subfield></datafield></record></collection>